000 00655nam a2200277Ia 4500
005 20260324144443.0
008 008 260324s9999 xx 000 0 eng d
020 _a9781315000039
037 _aEBOOK
040 _aCRL
040 _beng
040 _cCRL
041 _2eng
041 _aeng
084 _qCRL
100 _aMichael Paul Sacks; Jerry G. Pankhurst
_91219382
245 0 _aUnderstanding Soviet Society
260 _bTaylor and Francis
260 _c1988
365 _a
365 _b135
856 _uhttp://www.taylorfrancis.com/books/9781315000039
942 _cEBOOK
999 _c1826017
_d1826017